La gobernación de Venezuela en el siglo XVII

Uloženo v:
Podrobná bibliografie
Hlavní autor: Llavador Mira, José (autor)
Médium: Kniha
Jazyk:španělština
Vydáno: Caracas Fuentes para la Historia Colonial de Venezuela 1969
Edice:Biblioteca de la Academia Nacional de la Historia, 102
Témata:
Tagy: Přidat tag
Žádné tagy, Buďte první, kdo vytvoří štítek k tomuto záznamu!

MARC

LEADER 00000nam a2200000 a 4500
001 UCR0525
003 CL-VaPUC
008 971205e19690000VE |||||||||||||||||spa|d
082 0 4 |a 340.098  |b LLA  |2 21 
100 |a Llavador Mira, José  |e autor  |9 396296 
245 1 3 |a La gobernación de Venezuela en el siglo XVII 
300 |a 312 p 
942 |c BK 
945 |d 19971205 00:00:00  |a cmena 
260 |a Caracas  |b Fuentes para la Historia Colonial de Venezuela  |c 1969 
650 0 |a Derecho Indiano  |9 256266 
650 0 |a Gobernadores  |9 323856 
650 0 |a Estado y derecho  |9 255403 
650 0 |a Administración pública   |9 255343 
650 0 |a Instituciones políticas  |9 255506 
650 0 |a Función pública  |9 343165 
650 0 |a Historia venezolana  |9 393448 
651 0 |a Venezuela  |9 254993 
583 |a last modification  |c 19971205 00:00:00  |k Rodrigo Vera 
490 0 |a Biblioteca de la Academia Nacional de la Historia, 102 
999 |c 264027  |d 264025 
952 |0 0  |1 0  |4 0  |6 340_098000000000000_LLA_1969  |7 0  |8 DER_HDC  |9 293599  |a BIBDER  |b BIBDER  |d 2019-11-19  |i 1908391  |o 340.098 LLA 1969  |p 1908391  |r 2023-01-25  |w 2019-11-19  |x Ubicación 4to Piso  |y BK  |z Estos recursos deben solicitarse con anticipación  |k DER